| 000 | 01150nam a2200349 i 4500 | ||
|---|---|---|---|
| 005 | 20220317002102.0 | ||
| 007 | ta | ||
| 008 | 201209s2019 ck er 000 fdspa d | ||
| 020 | _a9789584278357 | ||
| 040 |
_aCO-BoRNBP _bspa _erda _cCO-BoRNBP |
||
| 041 | 0 | _aspa | |
| 084 | _aN CAR55 | ||
| 100 | 1 |
_aCárdenas, Juan Sebastián _d1978- _eautor |
|
| 245 | 1 | 4 |
_aLos estratos _cJuan Cárdenas |
| 250 | _aPrimera edición | ||
| 264 | 1 |
_aBogotá _bTusquets Editores _bEditorial Planeta Colombiana _c2019 |
|
| 300 |
_a158 páginas _c23 cm |
||
| 336 |
_atexto _btxt _2rdacontent |
||
| 337 |
_asin mediación _bn _2rdamedia |
||
| 338 |
_avolumen _bnc _2rdacarrier |
||
| 490 | 0 | _aAndanzas | |
| 521 | _aRecomendado para público adulto | ||
| 545 | _aIncluye datos biográficos del autor en la solapa | ||
| 650 | 1 | 7 |
_2LEMB _aNovela colombiana _ySiglo XX |
| 650 | 1 | 7 |
_2LEMB _aLiteratura colombiana _ySiglo XX |
| 650 | 1 | 7 |
_2LEMB _aAutores colombianos _ySiglo XX |
| 650 | 1 | 7 |
_2LEMB _aVida cotidiana _vNovela |
| 650 | 1 | 7 |
_2LEMB _aClases sociales _vNovela |
| 650 | 1 | 7 |
_2LEMB _aRecuerdos _vNovela |
| 650 | 1 | 7 |
_2LEMB _aMisterio _vNovela |
| 942 |
_2loc _cBKLIT |
||
| 999 |
_c9136 _d9136 |
||